<?xml version="1.0" encoding="UTF-8"?>
<collection xmlns="http://www.loc.gov/MARC21/slim">
 <record>
  <leader>01776nam a22002417a 4500</leader>
  <controlfield tag="001">NCT_4_010969</controlfield>
  <controlfield tag="008">240617b        xxu||||| |||| 00| 0 vie d</controlfield>
  <datafield tag="999" ind1=" " ind2=" ">
   <subfield code="c">8501</subfield>
   <subfield code="d">8501</subfield>
  </datafield>
  <datafield tag="020" ind1=" " ind2=" ">
   <subfield code="c">79000</subfield>
   <subfield code="a">9786044001104</subfield>
  </datafield>
  <datafield tag="082" ind1="0" ind2="4">
   <subfield code="2">23rd ed.</subfield>
   <subfield code="a">576.5</subfield>
   <subfield code="b">J79</subfield>
  </datafield>
  <datafield tag="100" ind1="1" ind2=" ">
   <subfield code="a">Jones, Steve</subfield>
  </datafield>
  <datafield tag="245" ind1="1" ind2="0">
   <subfield code="a">Di truyền học : </subfield>
   <subfield code="b">Minh họa sinh động bằng tranh</subfield>
   <subfield code="c">Steve Jones, Borin Van Loon ; Phạm Diệu Linh (dịch)</subfield>
  </datafield>
  <datafield tag="250" ind1=" " ind2=" ">
   <subfield code="a">Tái bản lần thứ 1</subfield>
  </datafield>
  <datafield tag="260" ind1=" " ind2=" ">
   <subfield code="a">H.</subfield>
   <subfield code="b">Dân trí</subfield>
   <subfield code="c">2023</subfield>
  </datafield>
  <datafield tag="300" ind1=" " ind2=" ">
   <subfield code="a">180 tr.</subfield>
   <subfield code="b">Hình vẽ</subfield>
   <subfield code="c">18cm</subfield>
  </datafield>
  <datafield tag="490" ind1="0" ind2=" ">
   <subfield code="a">Dẫn nhập ngắn về khoa học</subfield>
  </datafield>
  <datafield tag="520" ind1="3" ind2=" ">
   <subfield code="a">Di truyền học là chìa khóa để hiểu sự sống. Mỗi cá thể đều có đặc điểm riêng biệt dù sinh ra trên cùng một hành tinh và trong những điều kiện tương tự. Vì sao mỗi cá thể trong cùng một quần thể lại có thể khác biệt? Ngành di truyền học ngày nay đã khám phá cơ chế hình thành của từng cá thể. Từ việc khám phá về DNA đến những tiến bộ trong điều trị các bệnh di truyền, cuốn sách 'Dẫn nhập ngắn về khoa học: Di truyền' không chỉ tổng quát mà còn cung cấp cho độc giả các góc nhìn đặc biệt về lĩnh vực di truyền học hiện đại.</subfield>
  </datafield>
  <datafield tag="653" ind1=" " ind2=" ">
   <subfield code="a">Tham khảo</subfield>
  </datafield>
  <datafield tag="700" ind1="1" ind2=" ">
   <subfield code="a">Loon, Borin Van</subfield>
  </datafield>
  <datafield tag="700" ind1="1" ind2=" ">
   <subfield code="a">Phạm Diệu Linh</subfield>
   <subfield code="e">dịch </subfield>
  </datafield>
  <datafield tag="942" ind1=" " ind2=" ">
   <subfield code="2">ddc</subfield>
   <subfield code="c">BK</subfield>
  </datafield>
  <datafield tag="952" ind1=" " ind2=" ">
   <subfield code="0">0</subfield>
   <subfield code="1">0</subfield>
   <subfield code="2">ddc</subfield>
   <subfield code="4">0</subfield>
   <subfield code="6">576_500000000000000_J79</subfield>
   <subfield code="7">0</subfield>
   <subfield code="9">29194</subfield>
   <subfield code="a">000001</subfield>
   <subfield code="b">000001</subfield>
   <subfield code="d">2024-06-18</subfield>
   <subfield code="o">576.5 J79</subfield>
   <subfield code="p">TK.04363</subfield>
   <subfield code="r">2024-06-18</subfield>
   <subfield code="v">79000.00</subfield>
   <subfield code="w">2024-06-18</subfield>
   <subfield code="y">BK</subfield>
  </datafield>
  <datafield tag="980" ind1=" " ind2=" ">
   <subfield code="a">Thư viện Trường Đại học Nam Cần Thơ</subfield>
  </datafield>
 </record>
</collection>
